|
|
|
|
| LEADER |
02317nam a2200481 i 4500 |
| 001 |
EBC3044166 |
| 003 |
MiAaPQ |
| 005 |
20200520144314.0 |
| 006 |
m o d | |
| 007 |
cr cnu|||||||| |
| 008 |
131206s1984 gw ob 000 0 ger|d |
| 020 |
|
|
|z 3110100266
|
| 020 |
|
|
|z 9783110100266
|
| 020 |
|
|
|a 9783110871104 (e-book)
|
| 035 |
|
|
|a (MiAaPQ)EBC3044166
|
| 035 |
|
|
|a (Au-PeEL)EBL3044166
|
| 035 |
|
|
|a (CaPaEBR)ebr10782126
|
| 035 |
|
|
|a (OCoLC)922947352
|
| 040 |
|
|
|a MiAaPQ
|b eng
|e rda
|e pn
|c MiAaPQ
|d MiAaPQ
|
| 043 |
|
|
|a e-gw---
|
| 050 |
|
4 |
|a HJ2108
|b .S74 1984
|
| 100 |
1 |
|
|a Steiner, Udo.
|
| 245 |
1 |
0 |
|a Kulturauftrag im staatlichen Gemeinwesen /
|c Udo Steiner und Dieter Grimm. Die Steuerung des Verwaltungshandelns durch Haushaltsrecht und Haushaltskontrolle / Albert v. Mutius und Gunnar Folke Schuppert ; Redaktion Prof. Dr. Walter Schmitt Glaeser.
|
| 264 |
|
1 |
|a Berlin :
|b Walter de Gruyter,
|c 1984.
|
| 300 |
|
|
|a 1 online resource (358 pages).
|
| 336 |
|
|
|a text
|2 rdacontent
|
| 337 |
|
|
|a computer
|2 rdamedia
|
| 338 |
|
|
|a online resource
|2 rdacarrier
|
| 440 |
|
0 |
|a Veroffentlichungen der Vereinigung der Deutschen Staatsrechtslehrer ;
|v Heft 42
|
| 500 |
|
|
|a "Berichte und Diskussionen auf der Tagung der Vereinigung der Deutschen Staatsrechtslehrer in Koln vom 28. September bis 1. Oktober 1983."
|
| 504 |
|
|
|a Includes bibliographical references.
|
| 588 |
|
|
|a Description based on online resource; title from PDF title page (ebrary, viewed December 6, 2013).
|
| 590 |
|
|
|a Electronic reproduction. Ann Arbor, MI : ProQuest, 2015. Available via World Wide Web. Access may be limited to ProQuest affiliated libraries.
|
| 650 |
|
0 |
|a Budget
|z Germany (West)
|
| 650 |
|
0 |
|a Finance, Public
|x Law and legislation
|z Germany (West)
|
| 651 |
|
0 |
|a Germany (West)
|x Cultural policy.
|
| 655 |
|
4 |
|a Electronic books.
|
| 700 |
1 |
|
|a Grimm, Dieter.
|
| 700 |
1 |
2 |
|i contains (work)
|a Mutius, Albert v.
|t Die Steuerung des Verwaltungshandelns durch Haushaltsrecht und Haushaltskontrolle.
|
| 700 |
1 |
2 |
|i contains (work)
|a Schuppert, Gunnar Folke.
|t Die Steuerung des Verwaltungshandelns durch Haushaltsrecht und Haushaltskontrolle.
|
| 700 |
1 |
|
|a Schmitt Glaeser, Walter.
|
| 797 |
2 |
|
|a ProQuest (Firm)
|
| 856 |
4 |
0 |
|u https://ebookcentral.proquest.com/lib/matrademy/detail.action?docID=3044166
|z Click to View
|